<?xml version="1.0" encoding="UTF-8"?>
<collection xmlns="http://www.loc.gov/MARC21/slim">
  <record>
    <leader>00000nam  2200000   4500</leader>
    <controlfield tag="001">INLIS000000000006591</controlfield>
    <controlfield tag="005">20230621110706</controlfield>
    <datafield tag="035" ind1="#" ind2="#">
      <subfield code="a">0010-0622000452</subfield>
    </datafield>
    <controlfield tag="001">INLIS000000000006591</controlfield>
    <controlfield tag="005">20220622083527</controlfield>
    <datafield tag="035" ind1="#" ind2="#">
      <subfield code="a">0010-0622000452</subfield>
    </datafield>
    <datafield tag="245" ind1="#" ind2="#">
      <subfield code="a">Niponica :</subfield>
      <subfield code="b">Discovering Japan (Special Feature: Tiny but Awesome! Miniature Is Big in Japan)</subfield>
    </datafield>
    <datafield tag="100" ind1=" " ind2="#">
      <subfield code="a">Niponica</subfield>
    </datafield>
    <datafield tag="250" ind1="#" ind2="#">
      <subfield code="a">No. 17 December 4, 2015</subfield>
    </datafield>
    <datafield tag="300" ind1="#" ind2="#">
      <subfield code="a">27 halaman :</subfield>
      <subfield code="b">Gambar ;</subfield>
      <subfield code="c">21x29.5 cm</subfield>
    </datafield>
    <datafield tag="856" ind1="#" ind2="#">
      <subfield code="a">OPAC (Rak Majalah)</subfield>
    </datafield>
    <datafield tag="260" ind1="#" ind2="#">
      <subfield code="a">Japan :</subfield>
      <subfield code="b">Ministry of Foreign Affairs of Japan,</subfield>
      <subfield code="c">2015</subfield>
    </datafield>
    <datafield tag="082" ind1="#" ind2="#">
      <subfield code="a">050.11</subfield>
    </datafield>
    <datafield tag="084" ind1="#" ind2="#">
      <subfield code="a">050.11 NIP m</subfield>
    </datafield>
    <datafield tag="650" ind1="#" ind2="4">
      <subfield code="a">Niponica 2017</subfield>
    </datafield>
    <datafield tag="650" ind1="#" ind2="4">
      <subfield code="a">Majalah 2017</subfield>
    </datafield>
    <datafield tag="500" ind1="#" ind2="#">
      <subfield code="a">The Traditional Decorative Arts of Japan, On A Minute Scale Magnificent and Meticulous</subfield>
    </datafield>
    <datafield tag="505" ind1="#" ind2="#">
      <subfield code="a">Contents:&#13;
Special Feature Tiny but Awesome! Miniatur is Big in Japan; The Tradisional  Decorative Arts of Japan, on a Minute Scale-Magnificent and Meticulous; Timepiece Manufacturing; New Ways to  Have Fun with Bonsai; Column A Fashion Motif Inspired by the Microscope; More Than Just Toys; Tasty Japan: Time to Eat! Kyara-ben; Strolling Japan Ise-Shima; Souvenirs of Japan Hashi-oki</subfield>
    </datafield>
    <controlfield tag="008">230621################|##########|#|##</controlfield>
    <datafield tag="990" ind1="#" ind2="#">
      <subfield code="a">09/MJ-17</subfield>
    </datafield>
  </record>
</collection>
